000 00463nam a2200181Ia 4500
001 44395
008 140428s9999 xx 000 0 und d
020 _aNA
040 _cPK-LaUMT
082 _aRHC 891.4394
_bANW-
100 _aAnwar Sadeed
245 _aInshaaiyah Urdu adab mein (Urdu)
_cAnwar Sadeed
260 _aLahore,Pakistan:
_bMaktaba Fikr-o-Khiyal,
_c1985
300 _a319 p.
546 _aUR
650 _aPakistani literature-Urdu
942 _cBK
999 _c42388
_d42388